000 00517 a2200169 4500
001 143657
040 _cLeonardo Da Vinci
041 _aPortuguês
082 _a658.40 A862a
_bA862a
100 _aASSAD, Alessandra
245 _aAtreva-se a mudar
_bcomo praticar a melhor gestão de pessoas e processos
260 _bResultado
_c2007
_aSão Paulo
300 _a152
362 _a20070000
697 _aAdministração
_aAuto desenvolvimento
_aComportamento organizacional
_aLiderança
_aMudança
_aFIPEN
942 _cBK
999 _c143657
_d143657